| 000 | 00805nam a2200229Ia 4500 | ||
|---|---|---|---|
| 008 | 130821s1976 ck gr spa | ||
| 040 |
_aCo-BoUCM _bspa |
||
| 041 | _aspa | ||
| 110 |
_aColombia _930633 |
||
| 240 | _aLeyes, decretos, etc. | ||
| 245 |
_aOrden público económico _cCompilador Jaime Castro. |
||
| 260 |
_aBogotá (Colombia) _bBanco de la República _c1976 |
||
| 300 | _a2 volúmenes | ||
| 505 |
_aV.1 _bDocumentos. -- V.2 _bAnexos. |
||
| 650 | 0 | 4 |
_aDerecho público _912826 |
| 650 | 0 | 4 |
_aDerecho público _xAspectos económicos _zColombia _912826 |
| 650 | 0 | 4 |
_aEstado de emergencia _zColombia _915015 |
| 650 | 0 | 4 |
_aReformas constitucionales _zColombia _930725 |
| 700 |
_aCastro, Jaime _ecomp. _930208 |
||
| 942 |
_cLIBRO _a8 _e1 _mC65L _2DEWEY _h342.22 |
||
| 999 |
_c13098 _d13098 |
||